| 000 | 00501nam a2200181Ia 4500 | ||
|---|---|---|---|
| 999 |
_c21735 _d21735 |
||
| 001 | 21427 | ||
| 003 | PK-LaUMT | ||
| 005 | 20221004170325.0 | ||
| 008 | 140408s9999 xx 000 0 und d | ||
| 040 | _cPK-LaUMT | ||
| 082 |
_aW 658.562 _bLIP-Q |
||
| 100 | _aRobert E. Lipsey | ||
| 245 |
_aQuality change and other influences on measures of export prices of manufac _cRobert E. Lipsey |
||
| 260 |
_aWashington,USA: _bWorld Bank, _c1963 |
||
| 300 | _a26 p. | ||
| 546 | _aEN | ||
| 942 |
_cWEEDED OUT _2ddc |
||